Purjesz Zsigmond

Elmentve itt :
Bibliográfiai részletek
Szerző: Jancsó Miklós
Dokumentumtípus: Cikk
Megjelent: 1917
Sorozat:Kolligátum
Kulcsszavak:Purjesz Zsigmond, Orvostudomány - magyar - életrajz
Online Access:http://misc.bibl.u-szeged.hu/22764
LEADER 00547nab a2200169 i 4500
001 misc22764
005 20191108150416.0
008 170719s1917 hu o 0|| zxx d
040 |a SZTE Miscellanea Repozitórium  |b hun 
041 |a zxx 
100 1 |a Jancsó Miklós 
245 1 0 |a Purjesz Zsigmond  |h [elektronikus dokumentum] /  |c  Jancsó Miklós 
260 |c 1917 
300 |a 1-11 
490 0 |a Kolligátum 
695 |a Purjesz Zsigmond, Orvostudomány - magyar - életrajz 
856 4 0 |u http://misc.bibl.u-szeged.hu/22764/1/22627_001-011.pdf  |z Dokumentum-elérés